[Event "POL-chT3"]
[Site "Jastrzebia Gora POL"]
[Date "2016.09.08"]
[Round "6.24"]
[White "Bednarska-bzdega, Malgorzata"]
[Black "Tracz, Marcelina"]
[Result "1-0"]
[WhiteElo "2010"]
[BlackElo "1825"]
[EventDate "2016.09.02"]

1.e4 e5 2.Nf3 Nc6 3.d4 exd4 4.Nxd4 Bc5 5.Nb3 Bb6 6.Nc3 Qf6 7.Qe2 Nge7 8.
Be3 d6 9.O-O-O Be6 10.Nd5 Bxd5 11.exd5 Ne5 12.Bxb6 axb6 13.Qb5+ Nd7 14.Kb1
Qxf2 15.g3 Qf5 16.Bg2 O-O-O 17.Qa4 Kb8 18.Nd4 Qh5 19.Nb5 Nc8 20.b4 Qe2 21.
Bh3 c6 22.dxc6 bxc6 23.Nd4 Qe4 24.Rhe1 Qg6 25.Nxc6+ Kc7 26.Nxd8 Rxd8 27.
Rd3 Qf6 28.Ree3 Ne5 29.Rc3+ 1-0

[Event "POL-chT3"]
[Site "Jastrzebia Gora POL"]
[Date "2016.09.08"]
[Round "6.25"]
[White "Sadowski, Miroslaw"]
[Black "Garbowski, Jakub"]
[Result "1/2-1/2"]
[WhiteElo "2100"]
[BlackElo "2030"]
[EventDate "2016.09.02"]

1.d4 Nf6 2.Nf3 g6 3.Bf4 Bg7 4.Nc3 d5 5.Qd2 O-O 6.Ne5 Ne4 7.Nxe4 dxe4 8.e3 
a6 9.a4 Nd7 10.Nxd7 Bxd7 11.Be2 Bc6 12.a5 Re8 13.Rd1 e5 14.dxe5 Qe7 15.O-O
Bxe5 16.Bxe5 Qxe5 17.b4 h5 18.c4 Ba4 19.Rb1 Red8 20.Qb2 Qxb2 21.Rxb2 Kf8 
22.Ra1 Bc6 23.Kf1 Ke7 24.Ke1 f5 25.h4 Be8 26.Rd2 Rxd2 27.Kxd2 Kf6 28.Kc3 
Rd8 29.Rd1 Rxd1 30.Bxd1 Ke5 31.g3 1/2-1/2

[Event "POL-chT3"]
[Site "Jastrzebia Gora POL"]
[Date "2016.09.08"]
[Round "6.26"]
[White "Siedlinski, Piotr"]
[Black "Pazderski, Ziemowit"]
[Result "1-0"]
[WhiteElo "2107"]
[BlackElo "2263"]
[EventDate "2016.09.02"]

1.e4 Nf6 2.e5 Nd5 3.d4 d6 4.Nf3 dxe5 5.dxe5 Bg4 6.Bc4 e6 7.O-O Be7 8.Re1 
c6 9.Bd2 Nd7 10.Nc3 Qc7 11.Qe2 N5b6 12.Bd3 Nc5 13.Be4 Nbd7 14.Bf4 g5 15.
Bg3 h5 16.h3 h4 17.Bh2 Bh5 18.Qe3 g4 19.hxg4 Bxg4 20.Qf4 Rg8 21.b4 Bh3 22.
Nxh4 Rg4 23.Qf3 Rxh4 24.gxh3 Nxe4 25.Nxe4 Bxb4 26.Nd6+ Bxd6 27.exd6 Qa5 
28.Qg3 Rh8 29.Qg7 O-O-O 30.Qxf7 Qg5+ 31.Bg3 Rxh3 32.Kg2 Rdh8 33.Qxe6 Rh2+ 
34.Kg1 Rh1+ 35.Kg2 R1h2+ 36.Kg1 Rh1+ 37.Kg2 R8h2+ 38.Kf3 Qh5+ 39.Ke3 Qc5+ 
40.Kd3 Qa3+ 41.c3 Qa6+ 42.Kd2 Rxe1 43.Qg8+ 1-0

[Event "POL-chT3"]
[Site "Jastrzebia Gora POL"]
[Date "2016.09.08"]
[Round "6.27"]
[White "Maciaga, Marcin"]
[Black "Rosicki, Marcin"]
[Result "1-0"]
[WhiteElo "2120"]
[BlackElo "1887"]
[EventDate "2016.09.02"]

1.g3 Nf6 2.Bg2 d5 3.c4 c6 4.Nf3 dxc4 5.Qc2 Nbd7 6.Qxc4 e5 7.Ng5 Nd5 8.d3 
Bb4+ 9.Nc3 N7b6 10.Qb3 h6 11.Nf3 Be6 12.Qc2 Qc7 13.O-O O-O 14.Nxd5 Nxd5 
15.e4 Nb6 16.d4 exd4 17.Nxd4 Qe7 18.Nxe6 Qxe6 19.b3 Rad8 20.Be3 Qf6 21.
Rad1 Qc3 22.Qe2 Qf6 23.Qg4 Kh8 24.Qh5 Bc3 25.h4 Kg8 26.Qc5 Qe5 27.Qa3 Nc8 
28.Qc1 Bd4 29.Bxd4 Rxd4 30.Rxd4 Qxd4 31.Rd1 Qb4 32.Rd7 Nd6 33.Qf4 Ne8 34.
e5 Qe1+ 35.Bf1 b5 36.Qf5 Qc1 37.Kg2 g6 38.Qf4 Qc5 39.b4 Qc3 40.h5 Ng7 41.
Be2 Nxh5 42.Bxh5 gxh5 43.Rxa7 Qc4 44.Qxc4 bxc4 45.Rc7 Rb8 46.a3 Rb6 47.Kf3
Ra6 48.Ke4 Rxa3 49.Rxc6 c3 50.Kd4 Rb3 51.Rc4 c2 52.Kc5 Rb2 53.b5 Kf8 54.f4
Ke7 55.f5 Kd7 56.Kb6 Kd8 57.Kc6 Kc8 58.b6 Kb8 59.e6 fxe6 60.f6 1-0

[Event "POL-chT3"]
[Site "Jastrzebia Gora POL"]
[Date "2016.09.08"]
[Round "6.28"]
[White "Guzik, Jolanta"]
[Black "Kowalec, Maciej"]
[Result "1/2-1/2"]
[WhiteElo "1990"]
[BlackElo "2100"]
[EventDate "2016.09.02"]

1.c4 e5 2.Nc3 Nc6 3.g3 Bc5 4.Bg2 d6 5.e3 a6 6.Nge2 Ba7 7.d4 h5 8.b3 h4 9.
Nd5 Bg4 10.Bb2 h3 11.Be4 exd4 12.f3 Be6 13.Nxd4 Bxd5 14.cxd5 Nxd4 15.Bxd4 
Bxd4 16.Qxd4 Qf6 17.Rd1 Qxd4 18.Rxd4 Nf6 19.Bd3 Rh5 20.e4 O-O-O 21.Kf2 Nd7
22.Be2 Rh6 23.Rc1 Nb6 24.f4 Kb8 25.Bf3 Re8 26.Re1 f6 27.Bg4 Re7 28.Re3 Nd7
29.b4 g6 30.Rc3 Rh8 31.Kf3 g5 1/2-1/2

[Event "POL-chT3"]
[Site "Jastrzebia Gora POL"]
[Date "2016.09.08"]
[Round "6.29"]
[White "Krasiewicz, Robert"]
[Black "Korcz, Daniel"]
[Result "0-1"]
[WhiteElo "2097"]
[BlackElo "1784"]
[EventDate "2016.09.02"]

1.d4 d5 2.Nf3 Nf6 3.g3 g6 4.Bg2 Bg7 5.O-O O-O 6.c4 c6 7.Qb3 dxc4 8.Qxc4 
Nbd7 9.Nc3 Nb6 10.Qd3 Nbd5 11.Re1 Re8 12.Bd2 Nb4 13.Qb1 Nfd5 14.e4 Nb6 15.
Ne2 Na6 16.Qc2 Bg4 17.Be3 Bxf3 18.Bxf3 e5 19.Rad1 Qe7 20.Rd2 Rad8 21.Red1 
Nc7 22.Qb3 exd4 23.Nxd4 Na6 24.Qc2 Nb4 25.Qb3 Na6 26.Kg2 Qb4 27.Qxb4 Nxb4 
28.a3 Na6 29.Be2 Nc7 30.f3 Rd7 31.b3 Red8 32.a4 c5 33.Nb5 Rxd2 34.Rxd2 
Rxd2 35.Bxd2 Nxb5 36.Bxb5 a6 37.Bd3 Bd4 38.f4 f6 39.Ba5 Nc8 40.Bc7 Kf8 41.
Bc4 Ke7 42.Kf3 Kd7 43.Bb8 Ne7 44.g4 Nc6 45.Bd5 Nxb8 46.Bxb7 Kc7 47.Bd5 g5 
48.e5 Nc6 49.exf6 Bxf6 50.fxg5 Bxg5 51.Kg3 Kd6 52.Be4 h6 53.h4 Bd2 54.Bd3 
a5 55.Kf2 Nd4 56.Bc4 Ke5 57.Bf7 Kf4 58.g5 hxg5 59.hxg5 Kxg5 60.Bg8 Kf4 61.
Bf7 Ke5 62.Bg8 Bg5 63.Ke1 Ke4 64.Bc4 Nc2+ 65.Kd1 Ne3+ 0-1

[Event "POL-chT3"]
[Site "Jastrzebia Gora POL"]
[Date "2016.09.08"]
[Round "6.30"]
[White "Pluta, Natalia"]
[Black "Gluszko, Monika"]
[Result "0-1"]
[WhiteElo "1623"]
[BlackElo "1923"]
[EventDate "2016.09.02"]

1.c4 e5 2.g3 Nf6 3.Bg2 d5 4.cxd5 Nxd5 5.Nc3 Nb6 6.d3 Be7 7.Nf3 Nc6 8.Be3 
O-O 9.O-O Be6 10.Rc1 f5 11.a3 g5 12.Na4 e4 13.Ne1 Nxa4 14.Qxa4 exd3 15.
Nxd3 Bd5 16.Bxd5+ Qxd5 17.Qc4 Rad8 18.b4 a6 19.Bc5 Rf7 20.Qxd5 Rxd5 21.
Rfd1 Bf6 22.Be3 Nd4 23.Bxd4 Bxd4 24.Nc5 c6 25.Ne6 Rfd7 26.Rxd4 Rxd4 27.
Nxd4 Rxd4 28.Rc5 Rd5 29.Rxd5 cxd5 30.Kf1 Kf7 31.e3 g4 32.f4 gxf3 33.Kf2 
Ke6 34.a4 b6 35.Kxf3 Ke5 36.h3 b5 37.axb5 axb5 38.g4 fxg4+ 39.hxg4 h6 40.
Kf2 Ke4 41.Ke2 d4 42.exd4 Kxd4 43.Kf3 Kc4 44.Kf4 Kxb4 45.Kf5 Kc5 46.Kg6 b4
47.Kxh6 b3 48.g5 b2 49.g6 b1=Q 50.g7 Qh1+ 51.Kg6 Qg2+ 52.Kf7 Qf3+ 53.Kg8 
Kd6 54.Kh7 Qh5+ 55.Kg8 Kd5 0-1

[Event "POL-chT3"]
[Site "Jastrzebia Gora POL"]
[Date "2016.09.08"]
[Round "6.32"]
[White "Marszalek, Maciej"]
[Black "Zielinski, Maciej"]
[Result "1/2-1/2"]
[WhiteElo "2318"]
[BlackElo "2111"]
[EventDate "2016.09.02"]

1.d4 Nf6 2.c4 g6 3.Nc3 Bg7 4.Nf3 O-O 5.g3 d6 6.Bg2 Nc6 7.O-O a6 8.h3 Rb8 
9.Be3 Bd7 10.Qc1 b5 11.cxb5 axb5 12.Bh6 b4 13.Bxg7 Kxg7 14.Nb1 Re8 15.Nbd2
e5 16.dxe5 Nxe5 17.Nxe5 Rxe5 18.e3 Qc8 19.h4 Rc5 20.Qd1 Bh3 21.Re1 Bxg2 
22.Kxg2 Qb7+ 23.Kg1 Ne4 24.Nxe4 Qxe4 25.Rc1 Rxc1 26.Qxc1 c5 27.Rd1 Rb6 28.
b3 h5 29.Qb2+ f6 30.Qd2 Kf7 31.Rc1 Ra6 32.Rc2 Ke7 1/2-1/2

[Event "POL-chT3"]
[Site "Jastrzebia Gora POL"]
[Date "2016.09.08"]
[Round "6.33"]
[White "Zielinski, Wojciech"]
[Black "Kuciel, Wladyslaw"]
[Result "1-0"]
[WhiteElo "2136"]
[BlackElo "1928"]
[EventDate "2016.09.02"]

1.e4 c5 2.Nf3 e6 3.c4 Nc6 4.d4 cxd4 5.Nxd4 Nf6 6.Nc3 Bb4 7.Nxc6 bxc6 8.Bd3
e5 9.O-O d6 10.h3 O-O 11.Kh1 Be6 12.f4 exf4 13.Bxf4 Nd7 14.Ne2 Bc5 15.b3 
Ne5 16.Qd2 Qb6 17.Rad1 Rad8 18.Qc3 f6 19.Bc2 Bf7 20.Nd4 Ng6 21.Nf5 d5 22.
e5 d4 23.Qg3 Be6 24.exf6 d3 25.Bxd3 Rxd3 26.Qxd3 Nxf4 27.Rxf4 Rxf6 28.Nh6+
Kf8 29.Rxf6+ gxf6 30.Qxh7 Bb4 31.Qh8+ Ke7 32.Qg7+ 1-0

[Event "POL-chT3"]
[Site "Jastrzebia Gora POL"]
[Date "2016.09.08"]
[Round "6.34"]
[White "Olesiak, Marcin"]
[Black "Grzelak, Artur"]
[Result "0-1"]
[WhiteElo "1997"]
[BlackElo "2141"]
[EventDate "2016.09.02"]

1.d4 Nf6 2.c4 c5 3.d5 e5 4.Nc3 d6 5.e4 Be7 6.Be2 O-O 7.Nf3 Nbd7 8.O-O Ne8 
9.Ne1 g6 10.Nd3 Bg5 11.Kh1 Ng7 12.f4 exf4 13.Bxf4 Bxf4 14.Rxf4 f5 15.exf5 
Nxf5 16.Bg4 Nf6 17.Bxf5 Bxf5 18.Rf1 Ng4 19.Qe2 Qh4 20.g3 Qh6 21.Nf4 Rae8 
22.Ne6 Qh3 23.Rf4 Rf6 24.Raf1 Bxe6 25.dxe6 Rexe6 26.Qg2 Qxg2+ 27.Kxg2 Ne3+
28.Kh1 Ng4 0-1

[Event "POL-chT3"]
[Site "Jastrzebia Gora POL"]
[Date "2016.09.08"]
[Round "6.35"]
[White "Fengier, Winicjusz"]
[Black "Popiol, Michal"]
[Result "0-1"]
[WhiteElo "2054"]
[BlackElo "1959"]
[EventDate "2016.09.02"]

1.Nf3 Nf6 2.c4 g6 3.g3 Bg7 4.Bg2 O-O 5.Nc3 Nc6 6.d4 d6 7.h3 Rb8 8.O-O a6 
9.a4 Na5 10.b3 c5 11.e4 Qb6 12.dxc5 Qxb3 13.cxd6 exd6 14.Qxb3 Nxb3 15.Rb1 
Nxc1 16.Rfxc1 Be6 17.Nd2 Nd7 18.Nd5 Nc5 19.a5 Kh8 20.Nb6 f5 21.Rd1 Rf7 22.
f3 Rbf8 23.Nb3 fxe4 24.Rxd6 exf3 25.Bf1 Bf5 26.Nxc5 Bxb1 27.Ne6 f2+ 28.Kh2
Re8 29.Nd7 Bf5 30.Nxg7 Kxg7 31.Nc5 Re1 32.g4 Rxf1 33.gxf5 Rh1+ 0-1

[Event "POL-chT3"]
[Site "Jastrzebia Gora POL"]
[Date "2016.09.08"]
[Round "6.36"]
[White "Furtak, Joanna"]
[Black "Jedrocha, Katarzyna"]
[Result "0-1"]
[WhiteElo "1578"]
[BlackElo "1893"]
[EventDate "2016.09.02"]

1.d4 Nf6 2.Nc3 d5 3.Bg5 Nbd7 4.f3 c6 5.e4 dxe4 6.fxe4 Qb6 7.Rb1 e6 8.e5 
Nd5 9.Bc4 Bb4 10.Ne2 h6 11.Bd2 O-O 12.Ne4 Ne3 13.Qc1 Nxc4 14.c3 Nxd2 15.
Qxd2 Be7 16.Qf4 f6 17.Qg3 fxe5 18.dxe5 Qa5 19.Rf1 Rxf1+ 20.Kxf1 Qxe5 0-1

[Event "POL-chT3"]
[Site "Jastrzebia Gora POL"]
[Date "2016.09.08"]
[Round "6.37"]
[White "Pulik, Krzysztof"]
[Black "Rozycki, Bartlomiej"]
[Result "0-1"]
[WhiteElo "2171"]
[BlackElo "2140"]
[EventDate "2016.09.02"]

1.e4 e5 2.Nf3 Nc6 3.Bc4 Bc5 4.d3 Nf6 5.c3 d6 6.Bb3 a6 7.Nbd2 Ba7 8.O-O O-O
9.Re1 Ng4 10.Rf1 Kh8 11.h3 Nh6 12.Nc4 f5 13.Be3 Qf6 14.Bxa7 Rxa7 15.Nh2 
Qg6 16.f3 Ra8 17.g4 Nf7 18.Ne3 Ng5 19.exf5 Nxh3+ 20.Kh1 Qg5 21.Nd5 Qd8 22.
Kg2 Nf4+ 23.Nxf4 exf4 24.Qd2 Qg5 25.a3 Bxf5 26.Rh1 Ne5 27.d4 Nxg4 28.Nxg4 
Bxg4 29.Kf2 Be6 30.Rag1 Qf6 31.Bxe6 Qxe6 32.Qd3 Qe3+ 33.Qxe3 fxe3+ 34.Kxe3
Rae8+ 35.Kf2 Rf6 36.Re1 Rfe6 37.Rxe6 Rxe6 38.c4 g6 39.b4 Kg7 40.b5 axb5 
41.cxb5 b6 42.a4 h5 43.a5 bxa5 44.Ra1 Re8 45.Rxa5 Kf6 46.Ra7 Rc8 47.Ke3 g5
48.Ke4 h4 49.Ke3 Ke6 50.Ra5 Rh8 51.Kf2 Rf8 52.Kg2 Rf5 53.Ra7 Rxb5 54.Rxc7 
Rd5 55.f4 gxf4 56.Rh7 Rxd4 57.Kf2 Ke5 58.Rxh4 Ke4 59.Ke2 Ra4 60.Rh6 Ra2+ 
61.Ke1 d5 62.Re6+ Kf3 63.Rd6 Ra1+ 64.Kd2 Kf2 65.Rxd5 f3 66.Rd8 Ra7 67.Kd1 
Re7 68.Rd6 Kg2 69.Kd2 Rg7 0-1

[Event "POL-chT3"]
[Site "Jastrzebia Gora POL"]
[Date "2016.09.08"]
[Round "6.38"]
[White "Praczukowski, Stanislaw"]
[Black "Kardys, Zbigniew"]
[Result "0-1"]
[WhiteElo "2100"]
[BlackElo "1986"]
[EventDate "2016.09.02"]

1.d4 Nf6 2.c4 e6 3.Nf3 b6 4.g3 Bb7 5.Bg2 Be7 6.O-O O-O 7.Nc3 Ne4 8.Qc2 
Nxc3 9.Qxc3 f5 10.Rd1 Bf6 11.Qb3 Qe7 12.Bd2 a5 13.Rac1 Be4 14.Bf4 a4 15.
Qe3 a3 16.b3 d6 17.c5 Na6 18.cxd6 cxd6 19.Bg5 Nb4 20.Bxf6 Rxf6 21.Qd2 Nd5 
22.Ng5 Bxg2 23.Kxg2 Rff8 24.Nf3 Rfc8 25.Ne1 Qb7 26.Kg1 b5 27.Nd3 b4 28.Rc4
Rxc4 29.bxc4 Nc3 30.Rc1 Nxa2 31.Qxa2 b3 32.Qb1 b2 33.Rf1 a2 34.Qxb2 Qxb2 
35.Nxb2 a1=Q 36.Rxa1 Rxa1+ 37.Kg2 Ra2 38.Nd3 Rxe2 39.c5 dxc5 40.Nxc5 Kf7 
41.Nd7 Ke7 42.Ne5 Kd6 43.Kf1 Rxe5 44.dxe5+ Kxe5 45.Ke2 Ke4 46.f3+ Kd4 47.
Kd2 e5 48.Ke2 e4 49.fxe4 fxe4 50.Kd2 e3+ 51.Kd1 Kd3 52.Ke1 e2 53.g4 Ke3 
54.g5 Kf3 55.h3 g6 56.h4 Kg4 57.h5 Kxh5 0-1

[Event "POL-chT3"]
[Site "Jastrzebia Gora POL"]
[Date "2016.09.08"]
[Round "6.39"]
[White "Lewtak, Dominik"]
[Black "Chylewski, Patryk"]
[Result "1-0"]
[WhiteElo "2095"]
[BlackElo "2005"]
[EventDate "2016.09.02"]

1.Nf3 Nf6 2.d4 g6 3.c4 Bg7 4.Nc3 d5 5.cxd5 Nxd5 6.e4 Nxc3 7.bxc3 c5 8.Be3 
Nc6 9.Be2 Bg4 10.e5 cxd4 11.cxd4 Qa5+ 12.Nd2 Bxe2 13.Qxe2 Qc3 14.O-O O-O 
15.Rfc1 Qa5 16.Rab1 Qd5 17.Qg4 Rfd8 18.Nf3 Qd7 19.Qe4 Rac8 20.h4 Rc7 21.g4
h6 22.h5 Qd5 23.Qf4 Rdc8 24.Rd1 Nd8 25.g5 Ne6 26.Qg4 gxh5 27.Qxh5 hxg5 28.
Bxg5 Qe4 29.d5 Nxg5 30.Nxg5 Qg6 31.Qxg6 fxg6 32.Ne6 Bxe5 33.Nxc7 Rxc7 34.
Rbc1 Rd7 35.Kg2 Kf7 36.Kf3 Rd6 37.Ke4 Bf6 38.Rc7 Ke8 39.Rxb7 Ra6 40.d6 
exd6 41.Kd5 Be5 42.Ke6 Kd8 43.Rh1 1-0

[Event "POL-chT3"]
[Site "Jastrzebia Gora POL"]
[Date "2016.09.08"]
[Round "6.40"]
[White "Kokoszczynski, Jan"]
[Black "Bielawski, Michal"]
[Result "1-0"]
[WhiteElo "1962"]
[BlackElo "2021"]
[EventDate "2016.09.02"]

1.e4 d6 2.d4 Nf6 3.Nc3 g6 4.h3 Bg7 5.Be3 O-O 6.g4 c6 7.a4 Qa5 8.Qd2 b5 9.
b4 Qxb4 10.axb5 c5 11.Nge2 Bb7 12.Bg2 cxd4 13.Bxd4 Qc4 14.O-O Rc8 15.Rfb1 
Nbd7 16.e5 Bxg2 17.exf6 Bxh3 18.fxg7 e5 19.Ra4 Qe6 20.Be3 Bxg4 21.Rd1 Bf3 
22.Rh4 Rc4 23.Rh2 Qg4+ 24.Kf1 Nf6 25.Qd3 Rac8 26.Rd2 d5 27.Ng1 e4 28.Nxd5 
Nxd5 1-0

[Event "POL-chT3"]
[Site "Jastrzebia Gora POL"]
[Date "2016.09.08"]
[Round "6.42"]
[White "Olechnicka, Karolina"]
[Black "Krzyzanowska-zadlo, Lidia"]
[Result "1/2-1/2"]
[WhiteElo "1887"]
[BlackElo "1848"]
[EventDate "2016.09.02"]

1.e4 c6 2.d4 d5 3.Nd2 dxe4 4.Nxe4 Bf5 5.Ng3 Bg6 6.Nf3 e6 7.Ne5 Nd7 8.Nxg6 
hxg6 9.Qf3 Ngf6 10.Bd3 Qc7 11.c3 Bd6 12.Bd2 Qa5 13.a3 Qd5 14.Ne4 Nxe4 15.
Bxe4 Qb5 16.O-O-O Nb6 17.Bd3 Nc4 18.Bxc4 Qxc4 19.Bf4 Bxf4+ 20.Qxf4 Qd5 21.
g3 Qf5 22.Qc7 Qg5+ 23.Rd2 Qe7 24.Qe5 Rd8 25.Qxg7 Kd7 26.Qe5 Kc8 27.f4 Rh5 
28.Qe3 Qd6 29.Rhd1 Qd5 30.Re1 Rdh8 31.Qg1 f6 32.Ree2 Kd7 33.Qe3 b5 34.Qg1 
a5 35.Kc2 b4 36.axb4 axb4 37.Qa1 b3+ 38.Kc1 Rc8 39.Qa4 Rhh8 40.Qa7+ Rc7 
41.Qa4 Rb8 42.Rd1 Qf3 43.Rde1 Qd3 44.Rd2 Qf5 45.Kd1 Qg4+ 46.Rde2 Qf5 
1/2-1/2

[Event "POL-chT3"]
[Site "Jastrzebia Gora POL"]
[Date "2016.09.08"]
[Round "6.43"]
[White "Steczek, Marcin"]
[Black "Helis, Tadeusz"]
[Result "1/2-1/2"]
[WhiteElo "2370"]
[BlackElo "2241"]
[EventDate "2016.09.02"]

1.Nf3 Nf6 2.b3 g6 3.Bb2 Bg7 4.g3 c5 5.Bg2 O-O 6.O-O Nc6 7.c4 d6 8.d3 Rb8 
9.Nc3 a6 10.d4 cxd4 11.Nxd4 Bd7 12.e3 Qa5 13.a3 Rfc8 14.Rc1 Qd8 15.Nd5 
Nxd5 16.Bxd5 Bh3 17.Re1 Qd7 18.Bh1 h5 19.Qe2 Ne5 20.Red1 h4 21.Rd2 hxg3 
22.hxg3 Qg4 23.Nf3 Nc6 24.Rd5 e5 25.Rc2 Qh5 26.Nh2 Qxe2 27.Rxe2 Be6 28.
Rxd6 Na5 29.Rb6 Nxb3 30.Rxb7 Bxc4 31.Rc2 Be6 32.Rxb8 Rxb8 33.Nf3 Bf5 34.
Rc7 Nd2 35.Bc1 Nxf3+ 36.Bxf3 Rc8 37.Rxc8+ Bxc8 38.Bd5 Bf8 39.Bb2 Bd6 40.e4
1/2-1/2

[Event "POL-chT3"]
[Site "Jastrzebia Gora POL"]
[Date "2016.09.08"]
[Round "6.44"]
[White "Walkusz, Witoslaw"]
[Black "Smagalski, Slawomir"]
[Result "1-0"]
[WhiteElo "2140"]
[BlackElo "1943"]
[EventDate "2016.09.02"]

1.e4 e5 2.Nf3 Nc6 3.Bb5 a6 4.Bxc6 dxc6 5.O-O Bg4 6.h3 h5 7.d3 Qf6 8.Nbd2 
Ne7 9.Re1 Ng6 10.d4 Bd6 11.hxg4 hxg4 12.Nh2 Rxh2 13.Qxg4 Qh4 14.Qxh4 Rxh4 
15.Nf3 Rh5 16.Be3 f6 17.g3 Kf7 18.Kg2 Rah8 19.Rh1 Rxh1 20.Rxh1 Rxh1 21.
Kxh1 Ke6 22.Kg2 Nf8 23.dxe5 fxe5 24.Ng5+ Kf6 25.f4 g6 26.Kf3 b6 27.Kg4 c5 
28.c4 c6 29.Bd2 Nd7 30.Bc3 Ke7 31.f5 Nf8 32.fxg6 Nxg6 33.Kf5 Nf8 34.Bxe5 
Bxe5 35.Kxe5 b5 36.Nf3 a5 37.g4 a4 38.a3 b4 39.g5 b3 40.Kf5 Ne6 41.e5 Nd4+
42.Ke4 Ne2 43.g6 Ng3+ 44.Kf4 Nf1 45.Ng5 Kf8 46.e6 Nd2 47.g7+ Kxg7 48.e7 
1-0

[Event "POL-chT3"]
[Site "Jastrzebia Gora POL"]
[Date "2016.09.08"]
[Round "6.45"]
[White "Meczynski, Waldemar"]
[Black "Rawski, Slawomir"]
[Result "1-0"]
[WhiteElo "2032"]
[BlackElo "2175"]
[EventDate "2016.09.02"]

1.e4 e6 2.d4 d5 3.Nc3 Nf6 4.Bg5 dxe4 5.Nxe4 Be7 6.Bxf6 Bxf6 7.Nf3 Nd7 8.
Bb5 c6 9.Bd3 O-O 10.Qe2 Re8 11.O-O-O e5 12.Nxf6+ Qxf6 13.Rhe1 e4 14.Bxe4 
Qf4+ 15.Nd2 Nf6 16.Qd3 Qxf2 17.Bxh7+ Kh8 18.Rxe8+ Nxe8 19.Be4 Nf6 20.Bf3 
Be6 21.Ne4 Nxe4 22.Qxe4 Bd5 23.Qe1 Qxe1 24.Rxe1 Be6 25.Re5 Rd8 26.Ra5 a6 
27.c3 Kh7 28.b3 f6 29.Be4+ g6 30.Kd2 Kh6 31.Kd3 Bc8 32.c4 b6 33.Ra3 c5 34.
Bd5 Bb7 35.Bxb7 Rxd4+ 36.Ke3 a5 37.Bd5 f5 38.b4 f4+ 39.Ke2 cxb4 40.Rd3 
Rxd3 41.Kxd3 Kg5 42.Bc6 Kf5 43.Kd4 g5 44.h3 Ke6 45.c5 bxc5+ 46.Kxc5 Ke5 
47.Kb5 Kd4 48.Kxa5 Kc4 1-0

[Event "POL-chT3"]
[Site "Jastrzebia Gora POL"]
[Date "2016.09.08"]
[Round "6.46"]
[White "Cichon, Michal"]
[Black "Walaszczyk, Witold"]
[Result "1/2-1/2"]
[WhiteElo "2021"]
[BlackElo "2088"]
[EventDate "2016.09.02"]

1.e4 c5 2.Nf3 g6 3.d4 cxd4 4.Nxd4 Bg7 5.Nc3 Nc6 6.Be3 Nf6 7.Be2 O-O 8.O-O 
d6 9.Kh1 a6 10.a4 Ng4 11.Nxc6 Nxe3 12.Nxd8 Nxd1 13.Nxd1 Rxd8 14.c3 Be6 15.
Ne3 Rac8 16.Nd5 Kf8 17.Rfd1 Rc6 18.Rab1 f5 19.f3 Bf7 20.c4 a5 21.b3 e6 22.
Ne3 Rc5 23.Bd3 Be8 24.Nc2 Bc6 25.Na3 Ke7 26.Nb5 fxe4 27.fxe4 Re5 28.Re1 
Rf8 29.Nd4 Bd7 30.Nf3 Rh5 31.Be2 Bc6 32.Bd3 Rf4 33.Re2 g5 34.Nd2 g4 35.Rf1
Be5 36.g3 Rxf1+ 37.Nxf1 d5 38.cxd5 exd5 39.Kg2 Kd8 40.Bc2 Kc7 41.Nd2 Bc3 
42.exd5 Rxd5 43.Ne4 Bd4 44.Nf2 Rc5+ 45.Be4 Re5 46.Rc2 Bxf2 47.Bxc6 Bc5 48.
Bb5 b6 49.Re2 Rd5 50.h3 gxh3+ 1/2-1/2

[Event "POL-chT3"]
[Site "Jastrzebia Gora POL"]
[Date "2016.09.08"]
[Round "6.47"]
[White "Swiatnicki, Andrzej"]
[Black "Drzazga, Rafal"]
[Result "1/2-1/2"]
[WhiteElo "2058"]
[BlackElo "2068"]
[EventDate "2016.09.02"]

1.d4 Nf6 2.Nc3 d5 3.Bg5 e6 4.Nf3 Be7 5.e3 Nbd7 6.Bd3 c5 7.O-O h6 8.Bh4 O-O
9.Re1 Re8 10.a3 a6 11.Bg3 Qb6 12.Rb1 Bd6 13.Ne5 Qc7 14.f4 b5 15.Qf3 Bb7 
16.Bh4 c4 17.Nxd7 Nxd7 18.Bf1 Be7 19.Bxe7 Rxe7 20.g4 Nf6 21.Qh3 Ne4 22.
Nxe4 dxe4 23.c3 Rf8 24.g5 hxg5 25.fxg5 e5 26.Rbd1 exd4 27.exd4 Qf4 28.Qe3 
Qxe3+ 29.Rxe3 f5 30.gxf6 gxf6 31.Rg3+ Rg7 32.Bh3 f5 33.Kf2 Bd5 34.Rdg1 
Rxg3 35.hxg3 Kg7 36.Ke3 Be6 37.Kf4 Kf6 38.Rh1 Rg8 39.g4 fxg4 40.Bg2 g3 41.
Rh6+ Ke7 42.Ke5 e3 43.Rxe6+ Kd7 44.Bc6+ Kc7 45.Kf4 g2 46.Bxg2 Rxg2 47.Kxe3
Rxb2 48.Rxa6 Rb3 49.d5 Rxc3+ 50.Kd4 Rd3+ 51.Kc5 c3 52.d6+ Kb7 53.Rb6+ Ka7 
54.Rc6 c2 55.Kxb5 Rxd6 56.Rc7+ Kb8 57.Rxc2 Kb7 58.Rh2 Rd5+ 59.Kc4 Rg5 60.
Rh6 Rg4+ 61.Kc5 Rg5+ 62.Kd6 Ra5 63.Rh7+ Kb6 64.Rh3 1/2-1/2

[Event "POL-chT3"]
[Site "Jastrzebia Gora POL"]
[Date "2016.09.08"]
[Round "6.48"]
[White "Mikulewicz, Joanna"]
[Black "Bukowska, Katarzyna"]
[Result "1/2-1/2"]
[WhiteElo "2075"]
[BlackElo "1887"]
[EventDate "2016.09.02"]

1.e4 e5 2.Nf3 Nc6 3.Bb5 a6 4.Ba4 Nf6 5.O-O Be7 6.Re1 b5 7.Bb3 O-O 8.d3 d6 
9.c3 Na5 10.Bc2 c5 11.Nbd2 Nc6 12.Nf1 Be6 13.h3 h6 14.Ng3 Re8 15.d4 cxd4 
16.cxd4 exd4 17.Nxd4 Nxd4 18.Qxd4 Qc7 19.Bb3 Bxb3 20.axb3 d5 21.Be3 Nxe4 
22.Nxe4 dxe4 23.Qxe4 Bf6 24.Qb1 a5 25.Bd2 Rxe1+ 26.Qxe1 Bxb2 27.Rxa5 Rxa5 
28.Bxa5 Qc1 29.Kf1 Qxe1+ 30.Kxe1 Kf8 31.Bb4+ Ke8 32.Ke2 Bd4 33.f3 g6 34.
Kd3 Bf2 35.Ke4 Kd7 36.Kd5 Be3 37.g4 h5 38.gxh5 gxh5 39.Ke5 Bg5 40.f4 Bh4 
41.Kd5 Bf2 42.f5 Be3 43.Bc5 Bd2 44.Bd4 Bb4 45.Bc5 Bd2 46.Bf8 Be3 47.Ke5 
Bg5 48.Kd5 Be3 49.Bg7 Bf2 50.Bh6 Bb6 51.Ke5 Bd8 52.f6 Kc6 53.Bf8 Bc7+ 54.
Kf5 h4 55.Bb4 Bg3 56.Ke4 Bf2 57.Bc3 Kd6 58.Kf3 Bg3 59.Ke4 Bf2 60.Bd2 Ke6 
61.Bc3 Kd6 62.Bd2 Ke6 63.Bc3 Kd6 64.Bd2 1/2-1/2

[Event "POL-chT3"]
[Site "Jastrzebia Gora POL"]
[Date "2016.09.08"]
[Round "6.49"]
[White "Stanach, Fabian"]
[Black "Banasik, Krzysztof"]
[Result "1/2-1/2"]
[WhiteElo "2062"]
[BlackElo "2253"]
[EventDate "2016.09.02"]

1.Nf3 Nf6 2.c4 g6 3.Nc3 Bg7 4.g3 O-O 5.Bg2 d6 6.O-O e5 7.d3 Nc6 8.Rb1 Bf5 
9.Bg5 h6 10.Bxf6 Bxf6 11.b4 Qd7 12.Nd2 Bg7 13.b5 Nd8 14.Nb3 Be6 15.a4 Kh7 
16.a5 a6 17.bxa6 Rxa6 18.Nd5 Nc6 19.Qd2 Rfa8 20.Nb4 Nxb4 21.Qxb4 c6 22.
Rfc1 R8a7 23.e3 Bf5 24.Bf1 Bf6 25.e4 c5 26.Qe1 Be6 27.h4 Bd8 28.Ra1 b6 29.
axb6 Rxb6 30.Rxa7 Qxa7 31.Ra1 Ra6 32.Rxa6 Qxa6 33.Qa1 Qxa1 34.Nxa1 f5 35.
Nb3 Kg7 36.Be2 Bd7 37.Kg2 Kf6 38.Kf3 Bc6 39.Ke3 Ke6 40.Bf3 Ba4 41.exf5+ 
gxf5 42.Bd5+ Kf6 43.Nc1 Ba5 44.Ne2 Bb4 45.Bb7 Bd1 46.Bc6 Ke7 47.Bb5 Kf7 
48.Bc6 Ke6 49.Bd5+ Kd7 50.Bg8 Ba3 51.Bd5 Bb2 52.Kd2 Ba4 53.Nc3 Bxc3+ 54.
Kxc3 Ke7 55.Kd2 Kf6 56.Ke3 Be8 57.Bb7 Bg6 58.f4 Bf7 59.Ba6 d5 60.fxe5+ 
Kxe5 1/2-1/2

[Event "POL-chT3"]
[Site "Jastrzebia Gora POL"]
[Date "2016.09.08"]
[Round "6.50"]
[White "Tustanowski, Robert"]
[Black "Kudas, Damian"]
[Result "1/2-1/2"]
[WhiteElo "2211"]
[BlackElo "2135"]
[EventDate "2016.09.02"]

1.e4 c5 2.Nf3 e6 3.d3 Nc6 4.g3 Nf6 5.Bg2 d5 6.Qe2 Be7 7.O-O O-O 8.e5 Nd7 
9.c4 a6 10.Re1 b5 11.Bf4 Nb6 12.b3 Rb8 13.Nbd2 Bb7 14.h4 bxc4 15.dxc4 a5 
16.cxd5 Nxd5 17.Bg5 a4 18.Rec1 Qa5 19.Bxe7 Ncxe7 20.Ne4 Ba6 21.Qd2 Qxd2 
22.Nfxd2 Rfd8 23.Nxc5 Nb4 24.Nde4 Bd3 25.Nd6 a3 26.f4 Nf5 27.Nxf5 Bxf5 28.
Be4 Rd2 29.Bxf5 exf5 30.Rc4 g6 31.h5 Kg7 32.e6 fxe6 33.Nxe6+ Kf6 34.Ng5 
gxh5 35.Re1 Rb7 36.Re6+ Kg7 37.Nf3 Rxa2 38.Nd4 Ra1+ 39.Kg2 a2 40.Nxf5+ Kf7
41.Rce4 Rg1+ 42.Kxg1 a1=Q+ 43.Kh2 Rd7 44.Nh6+ Kg7 45.Nf5+ Kf7 46.Nh6+ Kf8 
47.Re8+ Kg7 48.Rg8+ Kf6 49.Rf8+ Kg7 1/2-1/2

[Event "POL-chT3"]
[Site "Jastrzebia Gora POL"]
[Date "2016.09.08"]
[Round "6.51"]
[White "Adamowicz, Katarzyna"]
[Black "Siekaniec, Jan"]
[Result "1/2-1/2"]
[WhiteElo "2173"]
[BlackElo "2076"]
[EventDate "2016.09.02"]

1.e4 c5 2.Nf3 e6 3.d4 cxd4 4.Nxd4 Nc6 5.Nc3 Qc7 6.g4 a6 7.Bg2 Nxd4 8.Qxd4 
Ne7 9.O-O Ng6 10.Re1 Bd6 11.h3 Be5 12.Qe3 h5 13.g5 Bf4 14.Qd4 O-O 15.Ne2 
Be5 16.Qd3 b5 17.Bf3 h4 18.c3 Bb7 19.Bg2 f6 20.gxf6 Rxf6 21.Bg5 Rf7 22.Rf1
Raf8 23.f3 Qc5+ 24.Qe3 Qc7 25.Rad1 d5 26.f4 Nxf4 27.Nxf4 Bxf4 28.Bxf4 Rxf4
29.Rxf4 Qxf4 30.Qxf4 Rxf4 31.exd5 Bxd5 1/2-1/2

[Event "POL-chT3"]
[Site "Jastrzebia Gora POL"]
[Date "2016.09.08"]
[Round "6.52"]
[White "Wrobel, Maciej"]
[Black "Lach, Piotr"]
[Result "1/2-1/2"]
[WhiteElo "2046"]
[BlackElo "2135"]
[EventDate "2016.09.02"]

1.e4 c5 2.Nf3 d6 3.d4 cxd4 4.Nxd4 Nf6 5.Nc3 Bd7 6.Bc4 g6 7.f3 Bg7 8.Be3 
Nc6 9.Qd2 Na5 10.Bb3 h5 11.O-O-O Nxb3+ 12.axb3 Qa5 13.Kb1 Rc8 14.Rhe1 Rc5 
15.h3 O-O 16.g4 Rb8 17.Bh6 Bh8 18.Rg1 h4 19.Be3 b5 20.Nf5 Rxc3 21.Nxe7+ 
Kh7 22.Qxc3 Qxc3 23.bxc3 Re8 24.Nd5 Nxd5 25.Rxd5 Bxc3 26.Rxd6 Be6 27.Rgd1 
a5 28.Rd8 Re7 29.Bd4 Bxd4 30.R1xd4 g5 31.Ra8 a4 32.bxa4 bxa4 33.Raxa4 Rc7 
34.Kb2 Kg6 35.c4 Kf6 36.Kc3 Ke5 37.Kd3 Kf4 38.Rd5 Kxf3 39.Rxg5 Kg3 40.c5 
Kxh3 41.Ke3 Kg3 42.Ra1 h3 43.Rg1+ Kh2 44.Kf2 Ra7 45.Rg2+ Kh1 46.Rg1+ Kh2 
47.Rc1 Ra2+ 1/2-1/2